000 00753nam a22002777a 4500
001 BR8108591
003 BR-BrBNA
005 20230928091202.0
007 ta
008 230509b bl.||||| |||| 00| 0 por d
040 _aBR-BrBNA
_bpor
_cBiblioteca Nacional de Agricultura
041 _a(Por)
072 _aL36
_b8954
090 _ 8954 BR8108591
100 1 _aCampos, J.
110 1 _aUniversidade Federal de Vicosa, MG (Brasil). Depto. de Zootecnia
_910993
245 1 _aTabelas para calculo de racoes
_bno. 34
250 1 _a2. ed.
260 3 _aVicosa, MG (Brasil):
_c1981.
300 _a64 p.
500 _a32 tables; 21 ref.
650 _aRACAO
650 _aCOMPOSICAO QUIMICA
909 _a202309
_bLucia
_c55
_dLucia Elande
942 _cBK
999 _c32704
_d32704